000 00329nam a2200145Ia 4500
005 20251222152650.0
008 251222s9999||||xx |||||||||||||| ||spa||
020 _a8475742505
082 _a741.5/S79
100 _aStevenson, Robert L.
245 0 _aLa Isla del Tesoro
250 _a1ra. ed.
264 _bForum
942 _cLIB
999 _c28427
_d28427